1596 1688 1746 1272 1486 1844 1801 1098 1562 1923 1857 1728 1364 1298 1094 1976 1135 1384 1079 1766 1394 1681 1271 1331 1210 1448 1435 1955 1933 1804 1928 1718 1442 1944 1759 1086 1319 1347 1546 1424 1934 1823 1047 1168 1030 1006 1750 1020 1826 1714 1674 1738 1567 1584 1765 1869 1879 1066 1468 1906 1206 1455 1635 1148 1440 1045 1662 1107 1869 1341 1699 1330 1900 1503 1631 1866 1320 1794 1797 1417 1805 1351 1246 1696 1150 1749 1246 1426 1476 1514 1339 1944 1700 1615 1680 1733 1495 1951 1543 BCNSPRNW ULIB Ver.6.0+V

เปลี่ยนเป็นภาษาไทย

Change to English
 แสดงรายละเอียดบรรณานุกรม
  กลับหน้าหลัก

Brief Record : Get Marc (ISO 2709) : E-mail record : QR code < ปิดหน้าต่าง
LEADER : 00000nam 2200000uu 4500
001    13399113064
003     ULIB
008    110922s2550||||th 000 0 tha d
020    9749228278
050  4 PE1130^bท367 ล.2 2550
100 0  Helen Barnard
245 10 ทักษะการเรียนศัพท์ภาษาอังกฤษขั้นสูง = ^bAdvanced English course vocabulary skills book 2 /^cHelen Barnard
246 31 Advanced English course vocabulary skills book 2
250    พิมพ์ครั้งที่ 1
260    กรุงเทพฯ :^bปัญญาชน,^c2550
300    267 หน้า
650  7 คำศัพท์ภาษาอังกฤษ
945    ^p219^l0^i021477
945    ^p219^l0^i021478
995    ทศพร
999 ^a ทศพร
รายการนี้ยังไม่มีแท็ก
คุณยังไม่ได้ล็อกอิน คุณสามารถมีกิจกรรมร่วมกับเว็บไซต์ได้ แต่ต้องล็อกอินก่อน ::
  ล็อกอิน

รายการสื่อสารสนเทศ

ลำดับที่ ประเภท เลขเรียก/บาร์โค้ด สถานที่ สถานะ
- ไม่พบข้อมูล -

รายการใกล้เคียง
    ผู้แต่ง [Helen Barnard]

    หัวเรื่อง [คำศัพท์ภาษาอังกฤษ]

BibComment


ยังไม่เคยถูกคอมเมนท์

คอมเมนท์ทรัพยากรรายการนี้
  คอมเมนท์: ทักษะการเรียนศัพท..


 Copyright 2026. Bcnsprnw @Library